Statistics for Fifa 23 Top 50 African Players

Click here to take the quiz!

General Stats

  • This quiz has been taken 107 times
  • The average score is 24 of 50

Answer Stats

RatingClubNationPlayer% Correct
90LiverpoolEgyptMohamed Salah
100%
89Bayern MunichSenegalSadio Mane
99%
86Manchester CityAlgeriaRiyad Mahrez
92%
87ChelseaSenegalKalidou Koulibaly
88%
85ChelseaGabonPierre-Emerick Aubameyang
86%
84PSGMoroccoAchraf Hakimi
84%
86ChelseaSenegalEdouard Mendy
83%
84LiverpoolCameroonJoel Matip
77%
84ArsenalGhanaThomas Partey
77%
84FC BarcelonaIvory CoastFranck Kessie
74%
83ChelseaMoroccoHakim Ziyech
74%
82Crystal PalaceIvory CoastWilfried Zaha
70%
83Napoli FCNigeriaVictor Osimhen
69%
81LiverpoolGuineaNaby Keita
68%
84Leicester CityNigeriaWilfred Ndidi
68%
82Inter MilanCameroonAndre Onana
60%
84Sevilla FCMoroccoYassine Bounou
59%
82EvertonSenegalIdrissa Gueye
56%
82AC MilanAlgeriaIsmael Bennacer
56%
81Napoli FCCameroonAndre Zambo Anguissa
55%
82Bayern MunichMoroccoNoussair Mazraoui
53%
82Borussia DortmundIvory CoastSebastien Haller
52%
82Atletico MadridCARGeoffrey Kondogbia
50%
80West Ham UnitedMoroccoNayef Aguerd
50%
81Athletic BilbaoGhanaInaki Williams
49%
81Tottenham HotspurMaliYves Bissouma
47%
80Sevilla FCMoroccoYoussef En-Nesyri
44%
81RC LensIvory CoastSeko Fofana
41%
81Bayer LeverkusenBurkina FasoEdmond Tapsoba
40%
79SalernitanaSenegalBoulaye Dia
35%
80Stade RennesMaliHamari Traore
34%
81PSV EindhovenIvory CoastIbrahim Sangare
33%
79Atletico MadridMozambiqueReinildo
30%
78Borussia MonchengladbachAlgeriaRamy Bensebaini
27%
79EvertonMaliAbdoulaye Doucoure
26%
79Olympique MarseilleDR CongoChancel Mbemba
26%
79Getafe CFTogoDakonam Djene
26%
79Villarreal CFNigeriaSamuel Chukwueze
26%
791.FC KolnTunisiaEllyes Skhiri
22%
78RB LeipzigMaliAmadou Haidara
20%
80FC NantesAlgeriaAndy Delort
19%
79Club BruggeAngolaClinton Mata
17%
78West Ham UnitedIvory CoastMaxwel Cornet
17%
79OGC NiceIvory CoastNicolas Pepe
17%
79SC BragaLibyaAl-Musrati
15%
79BesiktasAlgeriaRachid Ghezzal
15%
78Stade RennesCameroonKarl Toko-Ekambi
14%
79Getafe CFMoroccoMunir
11%
79SouthamptonNigeriaPaul Onuachu
9%
78Nottingham ForestSenegalMoussa Niakhate
6%

Score Distribution

Percentile by Number Answered

Percent of People with Each Score

Your Score History

You have not taken this quiz